Statistical rules of thumb /

Bibliographic Details
Main Author: Van Belle, Gerald
Format: Book
Language:English
Published: New York : Wiley-Interscience, [2002]
Series:Wiley series in probability and statistics.
Subjects:

MARC

Tag First Indicator Second Indicator Subfields
LEADER 00000pam a22000004a 4500
001 in00001676421
005 20151024130830.0
008 010907s2002 nyua b 001 0 eng
010 |a  2001046733 
020 |a 0471402273 (pbk. : alk. paper) 
035 |a (OCoLC)ocm47973341 
040 |a DLC  |c DLC  |d TXA  |d UtOrBLW 
042 |a pcc 
049 |a TXAM 
050 0 0 |a QA276.12  |b .V36 2002 
082 0 0 |a 519.5  |2 21 
100 1 |a Van Belle, Gerald. 
245 1 0 |a Statistical rules of thumb /  |c Gerald van Belle. 
264 1 |a New York :  |b Wiley-Interscience,  |c [2002] 
264 4 |c ©2002 
300 |a xviii, 221 pages :  |b illustrations ;  |c 24 cm. 
336 |a text  |b txt  |2 rdacontent 
337 |a unmediated  |b n  |2 rdamedia 
338 |a volume  |b nc  |2 rdacarrier 
490 1 |a Wiley series in probability and statistics 
504 |a Includes bibliographical references (pages 195-205) and indexes. 
650 0 |a Mathematical statistics. 
830 0 |a Wiley series in probability and statistics. 
994 |a E0  |b TXA 
948 |a cataloged  |b h  |c 2002/5/9  |d c  |e blrosas  |f 11:30:28 am 
999 |a MARS 
999 f f |s 877e60e5-0f87-33a3-ab07-8133c6b14dc0  |i ffaff5c4-9813-3311-bb10-bb857b1580b6  |t 0 
952 f f |p normal  |a Texas A&M University  |b College Station  |c Sterling C. Evans Library  |d Evans: Library Stacks  |t 0  |e QA276.12 .V36 2002  |h Library of Congress classification  |i unmediated -- volume  |m A14828895230 
998 f f |a QA276.12 .V36 2002  |t 0  |l Evans: Library Stacks